000
00216nam a22000857a 4500
008
161112b xxu||||| |||| 00| 0 eng d
100
_9
1177
_a
BPI India
245
_a
Balan the Baby Bat
260
_a
New Delhi
_b
BPI India
_c
2011
999
_c
3856
_d
3856